[Event "NB I. Charousek csoport"]
[Site "Biatorbagy"]
[Date "2024.02.18"]
[Round "6.8"]
[White "Farkas, Otto Jr"]
[Black "Toth, Lili"]
[Result "1/2-1/2"]
[WhiteElo "1884"]
[BlackElo "1947"]
[PlyCount "97"]
[EventDate "2023.10.08"]
[EventType "team-tourn"]
[EventRounds "11"]
[EventCountry "HUN"]
[Source "chess.hu"]
[WhiteTeam "Biatorbagy II"]
[BlackTeam "MTK Budapest"]
[WhiteTeamCountry "HUN"]
[BlackTeamCountry "HUN"]

1. e4 c6 2. d4 d5 3. exd5 cxd5 4. c4 Nf6 5. Nc3 Nc6 6. Nf3 Bg4 7. cxd5 Nxd5 8.
Be2 e6 9. O-O Be7 10. h3 Bh5 11. a3 O-O 12. Ne4 Qb6 13. g4 Bg6 14. Ng3 Rac8 15.
h4 f6 16. h5 Bf7 17. Bd3 Rfd8 18. Bb1 Bd6 19. Ne2 e5 20. Qd3 g6 21. dxe5 Nxe5
22. Nxe5 Bxe5 23. Qf3 Bxb2 24. Bxb2 Qxb2 25. hxg6 hxg6 26. Be4 Qe5 27. Rfc1 Qg5
28. Qg3 Kg7 29. f4 Qh6 30. Kg2 Kf8 31. Rab1 b6 32. Rd1 Ne7 33. Rbc1 Rxd1 34.
Rxd1 Be6 35. Nd4 Bf7 36. Nb5 f5 37. Nd6 Rc5 38. Nxf7 Kxf7 39. g5 Qg7 40. Qb3+
Ke8 41. Qa4+ b5 42. Qxa7 Qb2+ 43. Kh1 Qc3 44. Qb8+ Kf7 45. Bg2 Qe3 46. Qb6 Rc3
47. Qf6+ Ke8 48. Qh8+ Kf7 49. Qf6+ 1/2-1/2

[Event "NB I. Charousek csoport"]
[Site "Biatorbagy"]
[Date "2024.02.18"]
[Round "6.9"]
[White "Czumbel, Peter"]
[Black "Makay, Mark Janos"]
[Result "0-1"]
[WhiteElo "2023"]
[BlackElo "2034"]
[PlyCount "96"]
[EventDate "2023.10.08"]
[EventType "team-tourn"]
[EventRounds "11"]
[EventCountry "HUN"]
[Source "chess.hu"]
[WhiteTeam "MTK Budapest"]
[BlackTeam "Biatorbagy II"]
[WhiteTeamCountry "HUN"]
[BlackTeamCountry "HUN"]

1. Nf3 Nf6 2. g3 d5 3. Bg2 Bf5 4. d3 c6 5. Nbd2 h6 6. O-O e6 7. Re1 Be7 8. c3
Nbd7 9. e4 dxe4 10. dxe4 Bh7 11. b4 O-O 12. a3 a5 13. Bb2 b5 14. Nd4 Qc7 15.
bxa5 Rxa5 16. e5 Nd5 17. c4 bxc4 18. Nxc4 Ra7 19. Qg4 Nc5 20. Re2 Ra4 21. Rc1
Bd3 22. Rd2 Bxc4 23. Nxe6 fxe6 24. Rxc4 Rxc4 25. Qxc4 Qa5 26. Rd1 Qa4 27. Qe2
Qb3 28. Rd2 Na4 29. Bd4 Qxa3 30. Qg4 Nc7 31. Be3 Bg5 32. Rd7 Rf7 33. Rxf7 Kxf7
34. Qf3+ Kg8 35. Qxc6 Bxe3 36. fxe3 Qxe3+ 37. Kf1 Qa7 38. Qd7 Nc5 39. Qd8+ Kh7
40. Qd4 Nd5 41. Be4+ Kh8 42. Bg6 Qe7 43. Qa1 Nd7 44. h4 Qf8+ 45. Ke2 Qb8 46.
Qa6 Qxe5+ 47. Kd2 Qe3+ 48. Kd1 Nc3+ 0-1

[Event "NB I. Charousek csoport"]
[Site "Biatorbagy"]
[Date "2024.02.18"]
[Round "6.10"]
[White "Csoli, Odon"]
[Black "Yip, Michael"]
[Result "0-1"]
[WhiteElo "2082"]
[BlackElo "1850"]
[PlyCount "92"]
[EventDate "2023.10.08"]
[EventType "team-tourn"]
[EventRounds "11"]
[EventCountry "HUN"]
[Source "chess.hu"]
[WhiteTeam "Biatorbagy II"]
[BlackTeam "MTK Budapest"]
[WhiteTeamCountry "HUN"]
[BlackTeamCountry "HUN"]

1. d4 e6 2. Nf3 Nf6 3. c4 b6 4. g3 c6 5. Bg2 d5 6. b3 Be7 7. O-O O-O 8. Nbd2
Bb7 9. Bb2 Na6 10. Rc1 Rc8 11. Ne5 c5 12. e3 Rc7 13. Qe2 Qa8 14. Rfd1 Rd8 15.
a3 cxd4 16. exd4 dxc4 17. Bxb7 Qxb7 18. bxc4 Nb8 19. Ndf3 Bf8 20. h4 Nc6 21.
Rd3 Nxe5 22. dxe5 Rxd3 23. Qxd3 Rd7 24. Qe3 Ne4 25. Re1 Nc5 26. Bd4 Qc6 27. Nd2
h6 28. Kh2 Qc7 29. f4 Qd8 30. Nf3 Be7 31. Re2 Qc7 32. g4 Qd8 33. h5 Rc7 34. g5
hxg5 35. Nxg5 Bxg5 36. fxg5 Rd7 37. Bxc5 bxc5 38. Rg2 Rd4 39. h6 Rh4+ 40. Kg3
Qd4 41. Qf3 Re4 42. g6 Qxe5+ 43. Kf2 Qd4+ 44. Kg3 fxg6 45. Rd2 Qe5+ 46. Kg2
Qg5+ 0-1

[Event "NB I. Charousek csoport"]
[Site "Biatorbagy"]
[Date "2024.02.18"]
[Round "6.11"]
[White "Horvath, Andras"]
[Black "Fekete, Andras"]
[Result "1/2-1/2"]
[WhiteElo "1882"]
[BlackElo "1918"]
[PlyCount "47"]
[EventDate "2023.10.08"]
[EventType "team-tourn"]
[EventRounds "11"]
[EventCountry "HUN"]
[Source "chess.hu"]
[WhiteTeam "MTK Budapest"]
[BlackTeam "Biatorbagy II"]
[WhiteTeamCountry "HUN"]
[BlackTeamCountry "HUN"]

1. e4 e5 2. Nf3 d6 3. d4 exd4 4. Nxd4 Nf6 5. Nc3 a6 6. Bd3 Nbd7 7. O-O Nc5 8.
Bg5 Be7 9. f4 O-O 10. Nf3 h6 11. Bxf6 Bxf6 12. Qe1 Nxd3 13. cxd3 c6 14. Qf2
Bxc3 15. bxc3 Qf6 16. Qd2 Bg4 17. Nd4 c5 18. Nc2 Bd7 19. Rae1 Bc6 20. Ne3 Rae8
21. Nc4 Qd8 22. Ne3 Qf6 23. Nc4 Qd8 24. Ne3 1/2-1/2

[Event "NB I. Charousek csoport"]
[Site "Biatorbagy"]
[Date "2024.02.18"]
[Round "6.12"]
[White "Zsaki, Akos"]
[Black "Vicze, Kata"]
[Result "1-0"]
[WhiteElo "1478"]
[BlackElo "1829"]
[PlyCount "59"]
[EventDate "2023.10.08"]
[EventType "team-tourn"]
[EventRounds "11"]
[EventCountry "HUN"]
[Source "chess.hu"]
[WhiteTeam "Biatorbagy II"]
[BlackTeam "MTK Budapest"]
[WhiteTeamCountry "HUN"]
[BlackTeamCountry "HUN"]

1. e4 c5 2. Nc3 Nc6 3. g3 g6 4. Bg2 Bg7 5. d3 e6 6. Be3 d6 7. f4 Nge7 8. Nf3
O-O 9. O-O Nd4 10. Rb1 Nec6 11. Ne2 Nxf3+ 12. Bxf3 b6 13. d4 Bb7 14. d5 exd5
15. exd5 Ne7 16. c4 Nf5 17. Bd2 Bc8 18. Qc1 Re8 19. Re1 Nd4 20. Nxd4 Bxd4+ 21.
Kg2 Bf5 22. Ra1 Rxe1 23. Bxe1 Qf6 24. Bc3 Re8 25. Qd2 Be4 26. Re1 Qf5 27. Bxd4
cxd4 28. Kf2 Kf8 29. Qxd4 Kg8 30. Rxe4 1-0

[Event "NB I. Charousek csoport"]
[Site "Budapest"]
[Date "2024.03.03"]
[Round "7.1"]
[White "Sebenik, Matej"]
[Black "Juhasz, Agoston"]
[Result "1-0"]
[WhiteElo "2522"]
[BlackElo "2406"]
[PlyCount "109"]
[EventDate "2023.10.08"]
[EventType "team-tourn"]
[EventRounds "11"]
[EventCountry "HUN"]
[Source "chess.hu"]
[WhiteTeam "SZ-A STE"]
[BlackTeam "MTK Budapest"]
[WhiteTeamCountry "HUN"]
[BlackTeamCountry "HUN"]

1. Nf3 d5 2. g3 g6 3. Bg2 Bg7 4. O-O Nf6 5. d3 O-O 6. Nbd2 c5 7. e4 Nc6 8. c3
e5 9. a4 h6 10. Re1 Re8 11. exd5 Nxd5 12. Nc4 Bf5 13. Nh4 Be6 14. a5 Qc7 15.
Qa4 Rab8 16. Qb5 a6 17. Qa4 Rbd8 18. Qa3 Kh7 19. Be3 Nxe3 20. Rxe3 Ne7 21. Nb6
g5 22. Nf3 f5 23. Nd2 Nd5 24. Nxd5 Bxd5 25. Bxd5 Rxd5 26. Rae1 g4 27. Nc4 Red8
28. R3e2 Rxd3 29. Nxe5 Rd1 30. Nc4 Qc6 31. Ne3 Rxe1+ 32. Rxe1 Re8 33. Qb3 Re5
34. Rd1 Qf3 35. Qc2 h5 36. Rd7 Kg6 37. Qd2 Kh7 38. Qd3 c4 39. Qd4 Qe4 40. Qxe4
fxe4 41. Rxb7 Rxa5 42. Nxc4 Ra4 43. Nd6 e3 44. fxe3 Kg6 45. Rb6 Ra1+ 46. Kg2
Rc1 47. Rxa6 Rc2+ 48. Kf1 Rxh2 49. e4 Bf8 50. Nf5+ Kf7 51. e5 Bc5 52. e6+ Kf6
53. e7+ Kf7 54. Re6 Rh1+ 55. Kg2 1-0

[Event "NB I. Charousek csoport"]
[Site "Budapest"]
[Date "2024.03.03"]
[Round "7.2"]
[White "Papp, Levente"]
[Black "Seres, Lajos"]
[Result "1-0"]
[WhiteElo "2350"]
[BlackElo "2326"]
[PlyCount "69"]
[EventDate "2023.10.08"]
[EventType "team-tourn"]
[EventRounds "11"]
[EventCountry "HUN"]
[Source "chess.hu"]
[WhiteTeam "MTK Budapest"]
[BlackTeam "SZ-A STE"]
[WhiteTeamCountry "HUN"]
[BlackTeamCountry "HUN"]

1. c4 e5 2. g3 Nf6 3. Bg2 d5 4. cxd5 Nxd5 5. Nf3 Nc6 6. O-O Nb6 7. b3 Be6 8.
Bb2 f6 9. Nc3 Qd7 10. Qc1 Nd5 11. Ne4 Bh3 12. Rd1 Bxg2 13. Kxg2 O-O-O 14. Qc4
f5 15. Nc5 Bxc5 16. Qxc5 Rhe8 17. d3 Kb8 18. Rac1 e4 19. dxe4 fxe4 20. Nd4 Nxd4
21. Rxd4 c6 22. Ra4 a6 23. Bd4 Kc8 24. Qa7 g6 25. Bb6 Nxb6 26. Qxb6 Qc7 27. Qe3
Qe5 28. Rcc4 Rd1 29. Rxe4 Qd5 30. f3 Rd8 31. Re7 Rd7 32. Re8+ Kc7 33. Rb4 c5
34. Rf4 Rd2 35. Re5 1-0

[Event "NB I. Charousek csoport"]
[Site "Budapest"]
[Date "2024.03.03"]
[Round "7.3"]
[White "Gjuran, Denis"]
[Black "Ongut, Tamas Gunes"]
[Result "1/2-1/2"]
[WhiteElo "2302"]
[BlackElo "2263"]
[PlyCount "21"]
[EventDate "2023.10.08"]
[EventType "team-tourn"]
[EventRounds "11"]
[EventCountry "HUN"]
[Source "chess.hu"]
[WhiteTeam "SZ-A STE"]
[BlackTeam "MTK Budapest"]
[WhiteTeamCountry "HUN"]
[BlackTeamCountry "HUN"]

1. e4 e5 2. Bc4 Nf6 3. d3 Nc6 4. Nf3 h6 5. O-O d6 6. c3 g5 7. a4 Bg7 8. Na3 O-O
9. Nc2 d5 10. exd5 Nxd5 11. d4 1/2-1/2

[Event "NB I. Charousek csoport"]
[Site "Budapest"]
[Date "2024.03.03"]
[Round "7.4"]
[White "Kovacsy, Barnabas"]
[Black "Ronai, Akos Balazs"]
[Result "1/2-1/2"]
[WhiteElo "2267"]
[BlackElo "2157"]
[PlyCount "28"]
[EventDate "2023.10.08"]
[EventType "team-tourn"]
[EventRounds "11"]
[EventCountry "HUN"]
[Source "chess.hu"]
[WhiteTeam "MTK Budapest"]
[BlackTeam "SZ-A STE"]
[WhiteTeamCountry "HUN"]
[BlackTeamCountry "HUN"]

1. e4 e5 2. Nf3 Nf6 3. Nxe5 d6 4. Nf3 Nxe4 5. d4 d5 6. Bd3 Bd6 7. O-O O-O 8. c4
c6 9. Qc2 Na6 10. a3 Bg4 11. Ne5 Bxe5 12. dxe5 Nac5 13. f3 Nxd3 14. Qxd3 Nc5
1/2-1/2

[Event "NB I. Charousek csoport"]
[Site "Budapest"]
[Date "2024.03.03"]
[Round "7.5"]
[White "Kovac, Boris"]
[Black "Geher, Koppany"]
[Result "0-1"]
[WhiteElo "2172"]
[BlackElo "2263"]
[PlyCount "82"]
[EventDate "2023.10.08"]
[EventType "team-tourn"]
[EventRounds "11"]
[EventCountry "HUN"]
[Source "chess.hu"]
[WhiteTeam "SZ-A STE"]
[BlackTeam "MTK Budapest"]
[WhiteTeamCountry "HUN"]
[BlackTeamCountry "HUN"]

1. e4 c5 2. Nf3 e6 3. d4 cxd4 4. Nxd4 Nf6 5. Nc3 d6 6. Be2 Be7 7. Be3 O-O 8.
O-O Nc6 9. Nb3 a6 10. a4 b6 11. f4 Bb7 12. Bf3 Qc7 13. Ne2 e5 14. Ng3 Rfe8 15.
f5 Rad8 16. c4 Rc8 17. Qe2 Na5 18. Nd2 Nc6 19. Nb3 h6 20. Rfc1 Bf8 21. Qd2 a5
22. Rc3 Kh7 23. Qf2 Nd7 24. f6 g6 25. Bg4 Ncb8 26. Nd2 Qd8 27. Rf1 Rc6 28. Nh5
gxh5 29. Qf5+ Kh8 30. Bxh6 Qxf6 31. Qxh5 Qxh6 32. Qxf7 Re7 33. Qf5 Rh7 34. Rh3
Qg7 35. Rff3 d5 36. exd5 Rf6 37. Qe4 Rxf3 38. Rxf3 Nf6 39. Qxe5 Nbd7 40. Bxd7
Nxd7 41. Qe8 Qe7 0-1

[Event "NB I. Charousek csoport"]
[Site "Budapest"]
[Date "2024.03.03"]
[Round "7.6"]
[White "Fodor, Balazs"]
[Black "Volosin, Vladimir"]
[Result "1/2-1/2"]
[WhiteElo "2252"]
[BlackElo "2164"]
[PlyCount "77"]
[EventDate "2023.10.08"]
[EventType "team-tourn"]
[EventRounds "11"]
[EventCountry "HUN"]
[Source "chess.hu"]
[WhiteTeam "MTK Budapest"]
[BlackTeam "SZ-A STE"]
[WhiteTeamCountry "HUN"]
[BlackTeamCountry "HUN"]

1. d4 c6 2. c4 d5 3. Nf3 Nf6 4. e3 Bf5 5. Nc3 e6 6. Nh4 Bg6 7. Nxg6 hxg6 8. Bd2
Nbd7 9. Qb3 Qb6 10. Qc2 Rc8 11. Be2 dxc4 12. Bxc4 Qc7 13. h3 Bd6 14. Rc1 O-O
15. O-O Nb6 16. Bb3 Qe7 17. Ne4 Nxe4 18. Qxe4 Bb4 19. Bxb4 Qxb4 20. Qc2 Rcd8
21. a3 Qe7 22. Qc5 Rfe8 23. Rfd1 Qxc5 24. Rxc5 Re7 25. Kf1 Nd7 26. Rc3 Nf6 27.
Ke2 Kf8 28. f3 Nd5 29. Rcc1 Red7 30. Bc2 Nf6 31. Bb1 Ke7 32. f4 Rd6 33. b4 a5
34. Bd3 axb4 35. axb4 Rd5 36. Rd2 Ra8 37. Rb2 Ra3 38. Kd2 Nd7 39. g4 1/2-1/2

[Event "NB I. Charousek csoport"]
[Site "Budapest"]
[Date "2024.03.03"]
[Round "7.8"]
[White "Virag, Balint"]
[Black "Vrencian, Lehel"]
[Result "0-1"]
[WhiteElo "2125"]
[BlackElo "2156"]
[PlyCount "60"]
[EventDate "2023.10.08"]
[EventType "team-tourn"]
[EventRounds "11"]
[EventCountry "HUN"]
[Source "chess.hu"]
[WhiteTeam "MTK Budapest"]
[BlackTeam "SZ-A STE"]
[WhiteTeamCountry "HUN"]
[BlackTeamCountry "HUN"]

1. e4 c5 2. Nf3 e6 3. c4 Nc6 4. Nc3 e5 5. Be2 g6 6. O-O Bg7 7. d3 Nge7 8. Ne1
O-O 9. f4 d6 10. g4 exf4 11. Bxf4 Nd4 12. g5 Bh3 13. Ng2 Qd7 14. Qd2 f6 15.
gxf6 Bxf6 16. Rf2 Nec6 17. Nd5 Nxe2+ 18. Qxe2 Bd4 19. Be3 Rxf2 20. Bxf2 Bg4 21.
Qc2 Rf8 22. Rf1 Bf3 23. Bxd4 Nxd4 24. Qf2 Ne2+ 25. Kh1 Qh3 26. Re1 Nd4 27. Qg3
Bxg2+ 28. Qxg2 Qxd3 29. b3 Nf3 30. Ne7+ Kf7 0-1

[Event "NB I. Charousek csoport"]
[Site "Budapest"]
[Date "2024.03.03"]
[Round "7.9"]
[White "Hitter, Gabriella"]
[Black "Gergely, Daniel"]
[Result "0-1"]
[WhiteElo "2051"]
[BlackElo "2230"]
[PlyCount "82"]
[EventDate "2023.10.08"]
[EventType "team-tourn"]
[EventRounds "11"]
[EventCountry "HUN"]
[Source "chess.hu"]
[WhiteTeam "SZ-A STE"]
[BlackTeam "MTK Budapest"]
[WhiteTeamCountry "HUN"]
[BlackTeamCountry "HUN"]

1. e4 e6 2. d4 d5 3. Nd2 c5 4. c3 cxd4 5. cxd4 dxe4 6. Nxe4 Nf6 7. Nc3 Nbd7 8.
Nf3 Be7 9. Bc4 Nb6 10. Bb3 O-O 11. O-O Nbd5 12. Bg5 h6 13. Bh4 a6 14. Re1 Nxc3
15. bxc3 b6 16. Qd3 Qc7 17. Bc2 Rd8 18. Ne5 Bb7 19. Re3 Rac8 20. Rae1 Bd5 21.
Bb1 Kf8 22. Rc1 b5 23. Rce1 Bd6 24. Rh3 Bxe5 25. Rxe5 Qc4 26. Qd2 b4 27. Qc1
bxc3 28. Qa3+ Ke8 29. Bc2 Qxd4 30. Re1 Qd2 31. Rc1 g5 32. Rd3 Qe2 33. Bg3 Nd7
34. Rxc3 Qd2 35. Rd3 Qe2 36. Re3 Qc4 37. h3 Qxa2 38. Qd3 Ke7 39. Qh7 Nf6 40.
Qxh6 Rxc2 41. Rce1 Rg8 0-1

[Event "NB I. Charousek csoport"]
[Site "Budapest"]
[Date "2024.03.03"]
[Round "7.10"]
[White "Toth, Lili"]
[Black "Biro, Sandor"]
[Result "1-0"]
[WhiteElo "1975"]
[BlackElo "2094"]
[PlyCount "73"]
[EventDate "2023.10.08"]
[EventType "team-tourn"]
[EventRounds "11"]
[EventCountry "HUN"]
[Source "chess.hu"]
[WhiteTeam "MTK Budapest"]
[BlackTeam "SZ-A STE"]
[WhiteTeamCountry "HUN"]
[BlackTeamCountry "HUN"]

1. e4 e5 2. Nf3 Nc6 3. Bc4 Nf6 4. d3 Be7 5. Nc3 O-O 6. a4 d6 7. h3 Be6 8. Bxe6
fxe6 9. O-O Qe8 10. Be3 Nh5 11. Nb5 Bd8 12. c3 Qg6 13. Kh2 a6 14. Na3 d5 15.
Qb3 d4 16. cxd4 Rxf3 17. gxf3 exd4 18. Bd2 Be7 19. f4 Bd6 20. e5 Nxe5 21. Qxb7
Rf8 22. fxe5 Bxe5+ 23. f4 Qg3+ 24. Kh1 Qxh3+ 25. Kg1 Bd6 26. Qf3 Qf5 27. Rae1
Rf6 28. Rf2 Rg6+ 29. Rg2 Rf6 30. Qe4 Qh3 31. Rh2 Qg3+ 32. Qg2 Qxd3 33. Rxh5
Bxf4 34. Bxf4 Rxf4 35. Rg5 g6 36. Rg3 Qf5 37. Rf1 1-0

[Event "NB I. Charousek csoport"]
[Site "Budapest"]
[Date "2024.03.03"]
[Round "7.11"]
[White "Parragi, Istvan"]
[Black "Kaloczi, Kristof"]
[Result "1/2-1/2"]
[WhiteElo "1924"]
[BlackElo "2033"]
[PlyCount "56"]
[EventDate "2023.10.08"]
[EventType "team-tourn"]
[EventRounds "11"]
[EventCountry "HUN"]
[Source "chess.hu"]
[WhiteTeam "SZ-A STE"]
[BlackTeam "MTK Budapest"]
[WhiteTeamCountry "HUN"]
[BlackTeamCountry "HUN"]

1. e4 b6 2. d4 Bb7 3. Bd3 e6 4. Nf3 d5 5. Qe2 dxe4 6. Bxe4 Bxe4 7. Qxe4 Nd7 8.
O-O Ngf6 9. Qc6 Bd6 10. Nbd2 O-O 11. Nc4 Rc8 12. c3 Nb8 13. Qb7 a6 14. Bg5 Be7
15. Ne3 Nd5 16. Bxe7 Nxe7 17. c4 Qd6 18. Qe4 Nd7 19. Rfd1 Nf6 20. Qc2 c5 21. d5
exd5 22. cxd5 b5 23. a4 Rfd8 24. axb5 axb5 25. Ng5 h6 26. Ne4 Nxe4 27. Qxe4 Ra8
28. b3 Rdc8 1/2-1/2

[Event "NB I. Charousek csoport"]
[Site "Budapest"]
[Date "2024.03.03"]
[Round "7.12"]
[White "Broderick, Tamas"]
[Black "Librecz, Lenard"]
[Result "1-0"]
[WhiteElo "1920"]
[BlackElo "1683"]
[PlyCount "91"]
[EventDate "2023.10.08"]
[EventType "team-tourn"]
[EventRounds "11"]
[EventCountry "HUN"]
[Source "chess.hu"]
[WhiteTeam "MTK Budapest"]
[BlackTeam "SZ-A STE"]
[WhiteTeamCountry "HUN"]
[BlackTeamCountry "HUN"]

1. d4 d5 2. Nf3 Nf6 3. c4 c6 4. g3 g6 5. Bg2 Bg7 6. O-O O-O 7. Nc3 Ne4 8. Bf4
Nxc3 9. bxc3 Qa5 10. cxd5 cxd5 11. Qb3 Nc6 12. Rac1 e6 13. Nd2 b5 14. e4 dxe4
15. Nxe4 Bb7 16. Nc5 Qb6 17. Nd7 Qa6 18. Nxf8 Rxf8 19. Be3 b4 20. cxb4 Nxd4 21.
Bxd4 Bxd4 22. Qc4 e5 23. Bxb7 Qxb7 24. b5 Qf3 25. Qc6 Qg4 26. Kg2 h5 27. h4 Rb8
28. a4 Rb6 29. Qc8+ Qxc8 30. Rxc8+ Kg7 31. Rc6 Rb7 32. Rfc1 Re7 33. Rc7 Re8 34.
Rd7 Bb6 35. a5 Bxa5 36. Rxa7 Bb6 37. Rb7 Bd4 38. Rcc7 Rf8 39. f3 Kg8 40. Kh3
Kg7 41. Rd7 Be3 42. b6 Bc5 43. Rd5 Bd4 44. Rd6 Bc5 45. Rc6 Bd4 46. Rd7 1-0

[Event "NB I. Charousek csoport"]
[Site "Komlo"]
[Date "2024.03.03"]
[Round "7.1"]
[White "Fodor, Istvan"]
[Black "Csiszar, Csaba"]
[Result "1/2-1/2"]
[WhiteElo "2334"]
[BlackElo "2373"]
[PlyCount "24"]
[EventDate "2023.10.08"]
[EventType "team-tourn"]
[EventRounds "11"]
[EventCountry "HUN"]
[Source "chess.hu"]
[WhiteTeam "Biatorbagy II"]
[BlackTeam "Komloi BSK"]
[WhiteTeamCountry "HUN"]
[BlackTeamCountry "HUN"]

1. Nf3 c5 2. c4 Nf6 3. Nc3 Nc6 4. d4 cxd4 5. Nxd4 d6 6. e4 g6 7. Be2 Bg7 8. Be3
O-O 9. O-O Bd7 10. Qd2 Qb8 11. f3 Rd8 12. Rfd1 Be8 1/2-1/2

[Event "NB I. Charousek csoport"]
[Site "Komlo"]
[Date "2024.03.03"]
[Round "7.2"]
[White "Karsa, Laszlo"]
[Black "Szikszai, Bertalan"]
[Result "0-1"]
[WhiteElo "2323"]
[BlackElo "2312"]
[PlyCount "42"]
[EventDate "2023.10.08"]
[EventType "team-tourn"]
[EventRounds "11"]
[EventCountry "HUN"]
[Source "chess.hu"]
[WhiteTeam "Komloi BSK"]
[BlackTeam "Biatorbagy II"]
[WhiteTeamCountry "HUN"]
[BlackTeamCountry "HUN"]

1. d4 Nf6 2. c4 g6 3. Nc3 d5 4. Nf3 Bg7 5. Bf4 O-O 6. e3 c5 7. dxc5 Ne4 8. Rc1
Nd7 9. cxd5 Qa5 10. Nd4 Ndxc5 11. Bc4 Nxc3 12. bxc3 Bd7 13. O-O Rac8 14. Bb3 b5
15. Qe2 Ne4 16. Rfe1 Nxc3 17. Qd2 b4 18. e4 Qb6 19. Nf3 a5 20. Be3 Qa6 21. Bd4
Ne2+ 0-1

[Event "NB I. Charousek csoport"]
[Site "Komlo"]
[Date "2024.03.03"]
[Round "7.3"]
[White "Szabo, Balazs"]
[Black "Ivan, Attila"]
[Result "1/2-1/2"]
[WhiteElo "2247"]
[BlackElo "2214"]
[PlyCount "52"]
[EventDate "2023.10.08"]
[EventType "team-tourn"]
[EventRounds "11"]
[EventCountry "HUN"]
[Source "chess.hu"]
[WhiteTeam "Biatorbagy II"]
[BlackTeam "Komloi BSK"]
[WhiteTeamCountry "HUN"]
[BlackTeamCountry "HUN"]

1. d4 Nf6 2. Nf3 g6 3. Bg5 Bg7 4. Nbd2 d6 5. e4 O-O 6. c3 Nbd7 7. Be2 e5 8.
dxe5 Nxe5 9. Nxe5 dxe5 10. O-O Qe7 11. Qc2 Be6 12. Rfd1 Rfd8 13. a4 h6 14. Bh4
c6 15. a5 Qc7 16. f3 b6 17. Bf2 Bf8 18. axb6 axb6 19. Rxa8 Rxa8 20. Be3 Nd7 21.
Bc4 Bc5 22. Bxc5 Nxc5 23. b4 Bxc4 24. Nxc4 Ne6 25. g3 b5 26. Ne3 Qb6 1/2-1/2

[Event "NB I. Charousek csoport"]
[Site "Komlo"]
[Date "2024.03.03"]
[Round "7.4"]
[White "Amrein, Roland"]
[Black "Felmery, Mate"]
[Result "0-1"]
[WhiteElo "2178"]
[BlackElo "2164"]
[PlyCount "82"]
[EventDate "2023.10.08"]
[EventType "team-tourn"]
[EventRounds "11"]
[EventCountry "HUN"]
[Source "chess.hu"]
[WhiteTeam "Komloi BSK"]
[BlackTeam "Biatorbagy II"]
[WhiteTeamCountry "HUN"]
[BlackTeamCountry "HUN"]

1. e4 c5 2. Nf3 d6 3. d4 cxd4 4. Qxd4 Nc6 5. Bb5 a6 6. Bxc6+ bxc6 7. O-O e5 8.
Qd3 Qc7 9. c4 Nf6 10. Bg5 Be7 11. Rd1 O-O 12. Nc3 Rd8 13. Rac1 Bg4 14. h3 Bh5
15. b3 h6 16. Bd2 Nd7 17. Na4 Nf8 18. Be3 Rab8 19. c5 d5 20. exd5 cxd5 21. Qxa6
Bxf3 22. gxf3 Ra8 23. Qb5 d4 24. Bd2 Ng6 25. c6 Nh4 26. Qd3 Rd6 27. f4 Rg6+ 28.
Kf1 exf4 29. Qxd4 Rg1+ 30. Kxg1 Nf3+ 31. Kh1 Nxd4 32. Rc4 Nxc6 33. Bxf4 Qb7 34.
Kg1 Nd8 35. Rd3 Ne6 36. Bg3 Rc8 37. Nb2 Rxc4 38. Nxc4 Ng5 39. Ne5 Bf6 40. Nd7
Nf3+ 41. Kf1 Qb5 0-1

[Event "NB I. Charousek csoport"]
[Site "Komlo"]
[Date "2024.03.03"]
[Round "7.5"]
[White "Jamrich, Gyorgy"]
[Black "Kresz, Adam"]
[Result "1-0"]
[WhiteElo "2158"]
[BlackElo "2158"]
[PlyCount "111"]
[EventDate "2023.10.08"]
[EventType "team-tourn"]
[EventRounds "11"]
[EventCountry "HUN"]
[Source "chess.hu"]
[WhiteTeam "Biatorbagy II"]
[BlackTeam "Komloi BSK"]
[WhiteTeamCountry "HUN"]
[BlackTeamCountry "HUN"]

1. e4 e6 2. d4 d5 3. Nd2 Nf6 4. Bd3 c5 5. exd5 cxd4 6. dxe6 Bxe6 7. Ngf3 Nc6 8.
O-O Qd7 9. Nb3 O-O-O 10. Bb5 Bg4 11. Bg5 Qf5 12. Bd3 Qd5 13. Bxf6 gxf6 14. Be2
Rg8 15. Ne1 Bxe2 16. Qxe2 Bd6 17. Qf3 Qe5 18. g3 Qg5 19. Qg2 h5 20. Nf3 Qg4 21.
h3 Qd7 22. Rad1 Qc7 23. Kh2 Be5 24. Nh4 d3 25. cxd3 Bxb2 26. d4 Bxd4 27. Nxd4
Rxd4 28. Rxd4 Nxd4 29. Qe4 Rd8 30. Rb1 Qc6 31. Qe3 Qd5 32. Qe7 f5 33. Rc1+ Nc6
34. Qf6 Kc7 35. Rc2 Qd3 36. Qxf7+ Rd7 37. Qxf5 Qxf5 38. Nxf5 b5 39. g4 hxg4 40.
hxg4 Kb6 41. f4 Nb4 42. Rg2 Nd5 43. Kg3 Rf7 44. Kf3 b4 45. Ke4 Kc5 46. Rc2+
Nc3+ 47. Ke5 Kc4 48. g5 Rc7 49. g6 Kd3 50. Rb2 Rc5+ 51. Ke6 Rc6+ 52. Kf7 Nd5
53. g7 Rf6+ 54. Ke8 Rxf5 55. Rxb4 Nc7+ 56. Ke7 1-0

[Event "NB I. Charousek csoport"]
[Site "Komlo"]
[Date "2024.03.03"]
[Round "7.6"]
[White "Benedek, Istvan"]
[Black "Sulyok, Eszter"]
[Result "1-0"]
[WhiteElo "2128"]
[BlackElo "2082"]
[PlyCount "59"]
[EventDate "2023.10.08"]
[EventType "team-tourn"]
[EventRounds "11"]
[EventCountry "HUN"]
[Source "chess.hu"]
[WhiteTeam "Komloi BSK"]
[BlackTeam "Biatorbagy II"]
[WhiteTeamCountry "HUN"]
[BlackTeamCountry "HUN"]

1. e4 c5 2. Nf3 e6 3. c3 Nf6 4. e5 Nd5 5. d4 cxd4 6. cxd4 d6 7. Bc4 Nc6 8. O-O
dxe5 9. dxe5 a6 10. Qe2 Qc7 11. Rd1 Nb6 12. Bb3 Be7 13. Nc3 Bd7 14. Be3 Na5 15.
Bc2 Nbc4 16. Bc1 O-O-O 17. Be4 f6 18. Bf4 Bc5 19. Bg3 f5 20. Bxf5 Qb6 21. b3
exf5 22. Nd5 Qe6 23. bxc4 Bc6 24. Ng5 Qg6 25. Bf4 b6 26. e6 Rhe8 27. Qe5 Bd6
28. Nxb6+ Kb7 29. Rxd6 h6 30. Rxc6 1-0

[Event "NB I. Charousek csoport"]
[Site "Komlo"]
[Date "2024.03.03"]
[Round "7.7"]
[White "Farkas, Otto Jr"]
[Black "Kresz, Tamas"]
[Result "0-1"]
[WhiteElo "1945"]
[BlackElo "2137"]
[PlyCount "106"]
[EventDate "2023.10.08"]
[EventType "team-tourn"]
[EventRounds "11"]
[EventCountry "HUN"]
[Source "chess.hu"]
[WhiteTeam "Biatorbagy II"]
[BlackTeam "Komloi BSK"]
[WhiteTeamCountry "HUN"]
[BlackTeamCountry "HUN"]

1. e4 c5 2. Nf3 Nc6 3. d4 cxd4 4. Nxd4 e5 5. Nb5 d6 6. N1c3 a6 7. Na3 Be7 8.
Nd5 Nf6 9. Nxf6+ Bxf6 10. Nc4 O-O 11. Be3 Be6 12. Nb6 Rb8 13. Nd5 Bg5 14. Qd2
Bxe3 15. Nxe3 Qh4 16. Bd3 Rbc8 17. c3 Rfd8 18. O-O Ne7 19. c4 Ng6 20. g3 Qg5
21. Kh1 Bd7 22. Rfd1 Bc6 23. h4 Qh5 24. Kg2 f5 25. Nd5 Bxd5 26. cxd5 Qg4 27.
Kh2 fxe4 28. Be2 Qf5 29. Kg1 Rf8 30. Rf1 Ne7 31. Qd1 Qg6 32. Bh5 Qh6 33. Bg4
Rc5 34. Be6+ Kh8 35. b4 Rc4 36. Qb3 Rd4 37. Rad1 Rxd1 38. Rxd1 Qf6 39. Qe3 Nf5
40. Bxf5 Qxf5 41. Rc1 Qg4 42. Kg2 h6 43. Qb6 Qf3+ 44. Kg1 Qe2 45. Rf1 Rf3 46.
Qxd6 e3 47. Qe6 exf2+ 48. Kg2 Qe4 49. Kh2 Qd3 50. Qc8+ Kh7 51. Qh3 Rxg3 52.
Qxg3 Qxf1 53. d6 Qe2 0-1